[Event "Arab Games 2011"]
[Site "0:25.10-0:25.10"]
[Date "2011.12.11"]
[Round "2"]
[White "Arif Fadoua"]
[Black "Ibraheem Delbak, Ismael Ib"]
[Result "0-1"]
[WhiteElo "1844"]
[BlackElo "1919"]
[PlyCount "62"]
[EventDate "2011.??.??"]

1. Nf3 g6 2. c4 Bg7 3. Nc3 Nf6 4. g3 d6 5. Bg2 O-O 6. O-O Nc6 7. d3 a6 8. Rb1
Rb8 9. Ne1 Bd7 10. b4 b5 11. a3 Ng4 12. Bb2 Nge5 13. Qb3 Nd4 14. Qd1 bxc4 15.
f4 Ng4 16. dxc4 Ne3 17. Qd3 Nxf1 18. Ne4 Nxg3 19. Nxg3 Nf5 20. Bxg7 Kxg7 21.
Rd1 Qc8 22. c5 Nxg3 23. hxg3 Bf5 24. Qe3 Re8 25. Bc6 Bd7 26. Bd5 c6 27. Bg2 d5
28. Nf3 f6 29. Nd4 e5 30. fxe5 fxe5 31. Nf3 Bh3 0-1

[Event "Arab Games 2011"]
[Site "0:25.10-0:25.10"]
[Date "2011.12.11"]
[Round "2"]
[White "Jalloul Maya M"]
[Black "Al-Rufaye Iman Hasan Moha"]
[Result "1/2-1/2"]
[WhiteElo "1920"]
[BlackElo "2155"]
[PlyCount "124"]
[EventDate "2011.??.??"]

1. c4 c5 2. Nc3 Nc6 3. g3 g6 4. Bg2 Bg7 5. Nf3 Nf6 6. O-O O-O 7. d4 cxd4 8.
Nxd4 a6 9. h3 Qc7 10. Nxc6 bxc6 11. Be3 Rb8 12. Qd2 d6 13. Rac1 Be6 14. b3 Qd7
15. Kh2 Ne8 16. Rfd1 f5 17. Bf4 Bf7 18. c5 e5 19. Bg5 d5 20. Na4 Nf6 21. Qa5
Qb7 22. Nb6 Ne4 23. Be3 d4 24. f3 Nxc5 25. Qxc5 Qxb6 26. Bf2 Bd5 27. f4 Qxc5
28. Rxc5 Rfd8 29. fxe5 Bxg2 30. Kxg2 Rb5 31. Rxc6 Ra5 32. e6 Kf8 33. e3 d3 34.
e4 Rxa2 35. exf5 gxf5 36. Kf1 Bf6 37. Bc5+ Ke8 38. Bb4 Rc2 39. Rxa6 d2 40. Ke2
Bg5 41. e7 Bxe7 42. Re6 Rd7 43. Rxe7+ Rxe7+ 44. Bxe7 Kxe7 45. Rxd2 Rc3 46. Rd3
Rc2+ 47. Kf3 Rc5 48. Kf4 Rb5 49. Kg5 Kf7 50. h4 Ke6 51. Re3+ Kf7 52. Kh6 Kg8
53. Kg5 Kf7 54. Kh6 Kg8 55. Kg5 Kf7 56. Rf3 Ke6 57. Kh6 Rb7 58. Kg5 Rg7+ 59.
Kh6 Rb7 60. Kg5 Rg7+ 61. Kh6 Rb7 62. Kg5 Ke5 1/2-1/2

[Event "Arab Games 2011"]
[Site "0:25.10-0:25.10"]
[Date "2011.12.11"]
[Round "3"]
[White "Ibraheem Delbak, Ismael Ib"]
[Black "Mona Khaled"]
[Result "0-1"]
[WhiteElo "1919"]
[BlackElo "2109"]
[PlyCount "54"]
[EventDate "2011.??.??"]

1. e4 c6 2. d3 d5 3. Nd2 e5 4. Ngf3 Bd6 5. g3 Nf6 6. Bg2 Be6 7. c3 h6 8. O-O
Nbd7 9. Re1 Qb6 10. exd5 cxd5 11. Nf1 O-O 12. Ne3 Qa6 13. b3 Rac8 14. Bb2 Nc5
15. Bf1 Qb6 16. d4 exd4 17. Nxd4 Nce4 18. c4 dxc4 19. Nxc4 Bxc4 20. Bxc4 Rxc4
21. bxc4 Qxb2 22. Re2 Qb6 23. Qd3 Bc5 24. Rd1 Rd8 25. Rxe4 Nxe4 26. Qxe4 Bxd4
27. Kg2 Qc6 0-1

[Event "Arab Games 2011"]
[Site "0:25.10-0:25.10"]
[Date "2011.12.11"]
[Round "3"]
[White "Mezioud Amina"]
[Black "Jalloul Maya M"]
[Result "1/2-1/2"]
[WhiteElo "2065"]
[BlackElo "1920"]
[PlyCount "127"]
[EventDate "2011.??.??"]

1. e4 c5 2. c3 d5 3. exd5 Qxd5 4. d4 e6 5. Nf3 Nf6 6. Na3 cxd4 7. Nb5 Na6 8.
Nbxd4 e5 9. Qe2 Bd6 10. Nb5 Bb8 11. Bg5 Qe4 12. Bxf6 Qxe2+ 13. Bxe2 gxf6 14.
O-O-O Ke7 15. Bd3 Nc5 16. Bc2 a6 17. Na3 Be6 18. Kb1 Bc7 19. h3 h6 20. b4 Nd7
21. c4 Nb6 22. Bb3 Rhd8 23. g4 f5 24. g5 e4 25. Nd4 hxg5 26. c5 Nd5 27. Bxd5
Rxd5 28. Nxe6 fxe6 29. Rc1 Rd2 30. Rc2 Rad8 31. Nc4 R2d4 32. a4 R8d5 33. Kb2 a5
34. Rhc1 axb4 35. Ne3 Rd8 36. Kb3 f4 37. Nc4 Rd3+ 38. Kxb4 Rxh3 39. Re2 Rdd3
40. Rb1 Rd4 41. Kb5 Rc3 42. Rb4 f3 43. Reb2 Bf4 44. a5 e3 45. fxe3 Bxe3 46.
Nxe3 Rxb4+ 47. Kxb4 Rxe3 48. Kc4 Re2 49. Rxb7+ Kf6 50. Rb1 g4 51. Kd3 Ra2 52.
Ke3 e5 53. c6 Rxa5 54. Rc1 Ra8 55. c7 Rc8 56. Kf2 Ke6 57. Kg3 Kd6 58. Kxg4 e4
59. Kf4 Rxc7 60. Rd1+ Ke6 61. Kxe4 f2 62. Rf1 Rf7 63. Ke3 Kf5 64. Kd4 1/2-1/2

[Event "Arab Games 2011"]
[Site "0:25.10-0:25.10"]
[Date "2011.12.11"]
[Round "3"]
[White "Boshra Alshaeby"]
[Black "Elamri Laila A"]
[Result "1-0"]
[WhiteElo "1884"]
[BlackElo "1910"]
[PlyCount "63"]
[EventDate "2011.??.??"]

1. d4 Nf6 2. c4 g6 3. Nc3 Bg7 4. e4 d6 5. f3 O-O 6. Be3 Nbd7 7. Qd2 c5 8. d5 a6
9. g4 Ne5 10. h4 h5 11. gxh5 Nxh5 12. Be2 Ng3 13. Rh2 f5 14. O-O-O fxe4 15.
fxe4 Nxe2+ 16. Qxe2 Bg4 17. Qe1 Bxd1 18. Qxd1 Nxc4 19. Bg5 Qe8 20. h5 Qf7 21.
Kc2 Qf1 22. Qg4 Rf2+ 23. Rxf2 Qxf2+ 24. Nge2 gxh5 25. Qxh5 Qf7 26. Qg4 Qg6 27.
Qh4 Bf6 28. Bxf6 exf6 29. Nf4 Qg5 30. Qf2 Re8 31. Ne6 Qg2 32. Qxg2+ 1-0

[Event "Arab Games 2011"]
[Site "0:25.10-0:25.10"]
[Date "2011.12.11"]
[Round "3"]
[White "Bedrosian, Danielle"]
[Black "Latreche Sabrina"]
[Result "0-1"]
[WhiteElo "1796"]
[BlackElo "1995"]
[PlyCount "92"]
[EventDate "2011.??.??"]

1. c4 e5 2. Nc3 Nf6 3. g3 c6 4. Bg2 Be7 5. e4 d6 6. d3 a6 7. Nge2 b5 8. O-O O-O
9. b3 Nbd7 10. h3 Bb7 11. Kh2 Re8 12. g4 Nf8 13. Ng3 Ng6 14. Nce2 d5 15. exd5
cxd5 16. cxb5 axb5 17. f4 exf4 18. Nxf4 Bd6 19. Nxg6 hxg6 20. Bf4 Bxf4 21. Rxf4
Qd6 22. Rf2 Re3 23. Rf3 Rae8 24. Kg1 d4 25. Ne4 Nxe4 26. Rxe3 dxe3 27. dxe4 Qb6
28. Qe2 Rd8 29. Re1 Rd2 30. Qxe3 Qxe3+ 31. Rxe3 Rxa2 32. Kh2 f5 33. Kg3 f4+ 34.
Kxf4 Rxg2 35. Kg5 Kh7 36. e5 Rd2 37. e6 Rd5+ 38. Kf4 g5+ 39. Kg3 Rd8 40. h4 Kg6
41. h5+ Kf6 42. Kf2 Re8 43. b4 Rxe6 44. Rxe6+ Kxe6 45. Ke3 Ke5 46. Kd3 Bf3 0-1

[Event "Arab Games 2011"]
[Site "0:25.10-0:25.10"]
[Date "2011.12.11"]
[Round "3"]
[White "Al-Harmoudi Mona"]
[Black "Wafa Shrook"]
[Result "0-1"]
[WhiteElo "1795"]
[BlackElo "1873"]
[PlyCount "58"]
[EventDate "2011.??.??"]

1. d4 d5 2. c4 e6 3. Nc3 Nf6 4. Bg5 Be7 5. e3 c6 6. Bd3 Nbd7 7. Nge2 dxc4 8.
Bxc4 b5 9. Bd3 a6 10. a3 c5 11. Bxf6 Bxf6 12. O-O Bb7 13. Rc1 Rc8 14. Be4 Bxe4
15. Nxe4 c4 16. Nxf6+ Nxf6 17. Nf4 O-O 18. Re1 Nd5 19. Qf3 Nxf4 20. Qxf4 Qd5
21. Rc3 a5 22. Ra1 b4 23. axb4 axb4 24. Rc2 c3 25. bxc3 Rxc3 26. Rxc3 bxc3 27.
Qf3 Rb8 28. Qxd5 exd5 29. Rc1 c2 0-1

[Event "Arab Games 2011"]
[Site "0:25.10-0:25.10"]
[Date "2011.12.11"]
[Round "3"]
[White "Al-Zarouni, Kholoud Essa"]
[Black "Emhemed Inas"]
[Result "0-1"]
[WhiteElo "1861"]
[BlackElo "1486"]
[PlyCount "68"]
[EventDate "2011.??.??"]

1. e4 e5 2. Nf3 Nc6 3. Bc4 Be7 4. c3 Nf6 5. d3 O-O 6. Bb3 d6 7. h3 Bd7 8. Nbd2
a6 9. Nf1 Na7 10. Ng3 g6 11. Bh6 Re8 12. Ng5 d5 13. exd5 Bf8 14. Bxf8 Rxf8 15.
N5e4 Nb5 16. O-O Nxe4 17. Nxe4 Nd6 18. Nxd6 cxd6 19. Kh1 Qf6 20. Qd2 Qh4 21.
Kh2 Rae8 22. Rae1 Bf5 23. Qe3 g5 24. Qf3 Bd7 25. Qg3 Qh6 26. Bc2 Kh8 27. Bd1
Rg8 28. Kg1 f5 29. Qe3 f4 30. Qe4 g4 31. hxg4 Bxg4 32. Bxg4 Rxg4 33. f3 Rxg2+
34. Kxg2 Rg8+ 0-1

[Event "Arab Games 2011"]
[Site "0:25.10-0:25.10"]
[Date "2011.12.11"]
[Round "3"]
[White "Al-Khelaifi, Aisha"]
[Black "Arif Fadoua"]
[Result "1-0"]
[WhiteElo "1674"]
[BlackElo "1844"]
[PlyCount "53"]
[EventDate "2011.??.??"]

1. e4 c5 2. Nf3 Nc6 3. Nc3 e6 4. d3 d5 5. exd5 exd5 6. Be2 Nf6 7. Bf4 Be7 8.
Qd2 O-O 9. O-O Re8 10. Nb5 Rf8 11. Nc7 Rb8 12. Nxd5 Nxd5 13. Bxb8 Nxb8 14. Rfe1
Bf6 15. c3 Qc7 16. d4 cxd4 17. Nxd4 Qf4 18. Rad1 Qxd2 19. Rxd2 Nf4 20. Bc4 Nd7
21. Nb5 Nb6 22. Bb3 a6 23. Nd6 Bg5 24. Rdd1 Ng6 25. g3 Ne7 26. Nxf7 Rxf7 27.
Rd8# 1-0

[Event "Arab Games 2011"]
[Site "0:25.10-0:25.10"]
[Date "2011.12.11"]
[Round "4"]
[White "Wafa Shrook"]
[Black "Mezioud Amina"]
[Result "0-1"]
[WhiteElo "1873"]
[BlackElo "2065"]
[PlyCount "68"]
[EventDate "2011.??.??"]

1. e4 e5 2. Nf3 d6 3. d4 exd4 4. Nxd4 Nf6 5. Nc3 Be7 6. Be2 O-O 7. O-O Re8 8.
Be3 Nbd7 9. f3 Ne5 10. Qd2 Bf8 11. Bg5 c6 12. Rae1 h6 13. Bh4 Ng6 14. Bg3 Nh5
15. Bd3 Nxg3 16. hxg3 Qb6 17. Bc4 Ne5 18. Bb3 c5 19. Nd5 Qd8 20. Nb5 c4 21.
Nbc7 Rb8 22. Ba4 Re7 23. Nxe7+ Bxe7 24. Nd5 b5 25. f4 Ng4 26. Qb4 a5 27. Nxe7+
Qxe7 28. Qxa5 bxa4 29. Qxa4 Rxb2 30. Qxc4 Qa7+ 31. Kh1 Ba6 32. Qc3 Bxf1 33.
Rxf1 Qc5 34. Qxb2 Qh5+ 0-1

[Event "Arab Games 2011"]
[Site "0:25.10-0:25.10"]
[Date "2011.12.11"]
[Round "4"]
[White "Latreche, Sabrina"]
[Black "Boshra Alshaeby"]
[Result "1-0"]
[WhiteElo "1995"]
[BlackElo "1884"]
[PlyCount "100"]
[EventDate "2011.??.??"]

1. e4 c5 2. c4 d6 3. Nc3 Nf6 4. g3 g6 5. Bg2 Bg7 6. Nge2 O-O 7. d3 Nc6 8. O-O
a6 9. a3 Rb8 10. a4 Qc7 11. h3 e6 12. Be3 Rd8 13. Qd2 Ne7 14. Rac1 Bd7 15. Bh6
Bh8 16. Qf4 Bc6 17. Qh4 Ne8 18. f4 Qd7 19. b3 d5 20. cxd5 exd5 21. f5 Bd4+ 22.
Kh2 Bf6 23. Qf4 dxe4 24. dxe4 gxf5 25. exf5 Bxg2 26. Kxg2 Kh8 27. Ne4 Qc6 28.
Kh2 Nd5 29. Qf3 Nec7 30. Bg5 Bxg5 31. Nxg5 Qf6 32. Qh5 Qg7 33. Nxf7+ Kg8 34.
Nxd8 Rxd8 35. Rfd1 Re8 36. Rxd5 Rxe2+ 37. Qxe2 Nxd5 38. Qe6+ Qf7 39. Qxf7+ Kxf7
40. Rd1 Ne3 41. Rd7+ Kf6 42. Rxb7 Nxf5 43. Rb6+ Ke5 44. Rxa6 Kd4 45. Rc6 Ne7
46. Rc7 Nd5 47. Rd7 c4 48. bxc4 Kxc4 49. a5 Nf6 50. Rf7 Kd5 1-0

[Event "Arab Games 2011"]
[Site "0:25.10-0:25.10"]
[Date "2011.12.11"]
[Round "4"]
[White "Al-Khelaifi, Aisha"]
[Black "Fuad Natalie"]
[Result "0-1"]
[WhiteElo "1674"]
[BlackElo "1952"]
[PlyCount "74"]
[EventDate "2011.??.??"]

1. e4 c5 2. Nf3 e6 3. Nc3 d6 4. Bb5+ Bd7 5. Bxd7+ Nxd7 6. O-O Ngf6 7. d3 Be7 8.
Re1 O-O 9. e5 dxe5 10. Nxe5 Nxe5 11. Rxe5 Bd6 12. Re1 Qb8 13. h3 b5 14. Bg5 Be5
15. Qe2 Bd4 16. Nd1 Nd7 17. Qh5 g6 18. Qh4 Bg7 19. c3 a5 20. Rb1 Qb7 21. Be3
Qd5 22. a3 Qxd3 23. Rc1 c4 24. Qg5 Qd5 25. Qxd5 exd5 26. Bc5 Nxc5 27. Ne3 Nd3
28. Nxd5 Nxc1 29. Rxc1 Rad8 30. Ne7+ Kh8 31. Nc6 Rd2 32. Rb1 Re8 33. Nd4 Bxd4
34. cxd4 Ree2 35. Rf1 Rxb2 36. Rd1 Rbd2 37. Rf1 c3 0-1

[Event "Arab Games 2011"]
[Site "0:25.10-0:25.10"]
[Date "2011.12.11"]
[Round "4"]
[White "Emhemed Inas"]
[Black "Ibraheem Delbak, Ismael Ib"]
[Result "0-1"]
[WhiteElo "1486"]
[BlackElo "1919"]
[PlyCount "120"]
[EventDate "2011.??.??"]

1. d4 Nf6 2. Nf3 g6 3. g3 Bg7 4. Bg2 d6 5. O-O O-O 6. Nbd2 Nc6 7. Nb3 Rb8 8.
Bf4 a6 9. c3 b5 10. a3 Bb7 11. Qd2 Re8 12. Bh6 Bh8 13. Rfe1 e5 14. dxe5 dxe5
15. Qxd8 Rbxd8 16. Nc5 Bc8 17. Rad1 Rxd1 18. Rxd1 Ng4 19. Bg5 h6 20. Bc1 Bg7
21. Nd2 Nd8 22. Bh3 Nxf2 23. Kxf2 Bxh3 24. Nxa6 Ne6 25. Ne4 f5 26. Nec5 Nxc5
27. Nxc5 Re7 28. Rd7 Rxd7 29. Nxd7 Kf7 30. Nb8 Ke6 31. Na6 c6 32. Nc5+ Kd5 33.
Nd3 c5 34. b3 g5 35. b4 e4 36. Nxc5 Bxc3 37. Nd7 Bd4+ 38. e3 Bg7 39. Nb6+ Kc6
40. Nc8 f4 41. Ne7+ Kd7 42. Nd5 Kd6 43. Nb6 f3 44. a4 Kc6 45. a5 Bc3 46. Ba3
Be5 47. Na8 Bc8 48. Nb6 Bb7 49. h3 Bc7 50. a6 Bxa6 51. Na8 Bd8 52. Bb2 Bb7 53.
Bg7 h5 54. Nb6 Kxb6 55. Bd4+ Kc6 56. Bb2 Bc8 57. h4 gxh4 58. gxh4 Bxh4+ 59. Kf1
Bh3+ 60. Kg1 f2+ 0-1

[Event "Arab Games 2011"]
[Site "0:25.10-0:25.10"]
[Date "2011.12.11"]
[Round "4"]
[White "Elamri Laila A"]
[Black "Al-Rufaye Iman, Hasan Moha"]
[Result "0-1"]
[WhiteElo "1910"]
[BlackElo "2155"]
[PlyCount "66"]
[EventDate "2011.??.??"]

1. e4 e5 2. Nf3 Nc6 3. Bc4 Bc5 4. c3 Nf6 5. d3 d6 6. Bb3 a6 7. O-O Ba7 8. Bg5
h6 9. Bh4 Be6 10. Bc2 Qe7 11. d4 Bg4 12. d5 Nb8 13. Nbd2 g5 14. Bg3 Nbd7 15. h4
Nh5 16. Kh2 O-O-O 17. a4 Nf4 18. b4 Ng6 19. hxg5 hxg5+ 20. Kg1 Rh6 21. Qb1 Rdh8
22. Nh2 Nf4 23. Bd1 Bxd1 24. Qxd1 Nh5 25. Qg4 Nxg3 26. Qxg3 Rxh2 27. Qxh2 Rxh2
28. Kxh2 Qf6 29. g3 g4 30. Kg2 Nf8 31. Nb3 Qf3+ 32. Kg1 Qxg3+ 33. Kh1 Qh3+ 0-1

[Event "Arab Games 2011"]
[Site "0:01.05-0:13.34"]
[Date "2011.12.11"]
[Round "4"]
[White "Jalloul Maya M"]
[Black "Al-Zarouni, Kholoud Essa"]
[Result "0-1"]
[WhiteElo "1920"]
[BlackElo "1861"]
[PlyCount "52"]
[EventDate "2011.??.??"]

1. e4 e5 2. Nf3 Nc6 3. Bc4 Bc5 4. c3 Nf6 5. d3 a6 6. Bb3 d6 7. O-O h6 8. Nbd2
Qe7 9. Re1 Be6 10. Bc2 Ng4 11. Re2 Ba7 12. h3 Nf6 13. Nf1 g5 14. d4 exd4 15.
cxd4 Bc4 16. Re1 Bxf1 17. Kxf1 O-O-O 18. a3 g4 19. hxg4 Nxg4 20. g3 Qf6 21. Qe2
Rhg8 22. e5 dxe5 23. dxe5 Ngxe5 24. Bf4 Ng4 25. Ne5 Ncxe5 26. Bxe5 Nxe5 0-1

[Event "Arab Games 2011"]
[Site "0:01.49-0:02.05"]
[Date "2011.12.11"]
[Round "4"]
[White "Arif Fadoua"]
[Black "Bedrosian, Danielle"]
[Result "*"]
[WhiteElo "1844"]
[BlackElo "1796"]
[PlyCount "165"]
[EventDate "2011.??.??"]

1. Nf3 d5 2. b3 Nf6 3. Bb2 g6 4. c4 Bg7 5. g3 O-O 6. Bg2 e6 7. O-O c5 8. cxd5
exd5 9. d4 Ne4 10. Qc2 Bf5 11. Qc1 Nd7 12. dxc5 Bxb2 13. Qxb2 Ndxc5 14. Nbd2
Rc8 15. Rfd1 Qb6 16. Nd4 Be6 17. N2f3 Rcd8 18. Rac1 Bc8 19. e3 Ne6 20. Qe2 Rfe8
21. Qb5 Qxb5 22. Nxb5 a6 23. Nc3 Nxc3 24. Rxc3 b5 25. Rcd3 Bb7 26. Nd4 Nc5 27.
R3d2 Ne4 28. Rd3 Rc8 29. Ne2 Re7 30. Nf4 Nc3 31. R1d2 Ne4 32. Rd1 Nc3 33. R1d2
Ne4 34. Rb2 Rc1+ 35. Bf1 Rd7 36. Ne2 Nc5 37. Rc3 Rxc3 38. Nxc3 d4 39. exd4 Rxd4
40. Bg2 Bxg2 41. Kxg2 Kf8 42. Re2 Ne6 43. a4 bxa4 44. Nxa4 Rb4 45. Re3 Ke7 46.
Nb2 Rd4 47. Nc4 Kd7 48. Ne5+ Ke8 49. Rf3 f5 50. Re3 Rd6 51. Nc4 Rc6 52. Ne5 Rb6
53. Nc4 Rc6 54. Na5 Rd6 55. Nb7 Rb6 56. Nc5 Ke7 57. Kf3 g5 58. Ke2 Kf6 59. Nxe6
Rxe6 60. Rxe6+ Kxe6 61. Kd3 Kd5 62. f3 h5 63. b4 Ke5 64. Ke3 f4+ 65. gxf4+
gxf4+ 66. Kd3 Kd5 67. h4 Kc6 68. Kc4 Kd6 69. Kd4 Kc6 70. Kc4 Kd6 71. Kd4 Kc6
72. Ke4 Kb5 73. Kxf4 Kxb4 74. Kg5 a5 75. f4 a4 76. f5 a3 77. f6 a2 78. f7 a1=Q
79. f8=Q+ Kb5 80. Qb8+ Kc6 81. Qc8+ Kd5 82. Qd8+ Ke6 83. Qf6+ *

[Event "Arab Games 2011"]
[Site "0:02.40-0:02.16"]
[Date "2011.12.11"]
[Round "5"]
[White "Mona Khaled"]
[Black "Fuad Natalie"]
[Result "1-0"]
[WhiteElo "2109"]
[BlackElo "1952"]
[PlyCount "121"]
[EventDate "2011.??.??"]

1. d4 d5 2. c4 e6 3. Nf3 Nf6 4. g3 c6 5. Bg2 Be7 6. O-O O-O 7. Qc2 Nbd7 8. b3
Re8 9. Nc3 Nb6 10. c5 Nbd7 11. e4 dxe4 12. Nxe4 Nxe4 13. Qxe4 Nf6 14. Qe2 Nd5
15. Bb2 Bf6 16. Ne5 g6 17. f4 Bxe5 18. fxe5 b5 19. Rad1 a5 20. Qf3 Qe7 21. Bc1
Qf8 22. Bh6 Qe7 23. Bg5 Qf8 24. h4 Ba6 25. h5 Qg7 26. Qg4 b4 27. Rf2 Bb5 28.
Be4 Nc3 29. Re1 Nxe4 30. Rxe4 Bd3 31. hxg6 Qxg6 32. Ref4 Bf5 33. Qh4 h5 34. Rh2
f6 35. Bxf6 Kf7 36. Qxh5 Qxh5 37. Rxh5 Rg8 38. Kf2 a4 39. Rhh4 axb3 40. axb3
Ra2+ 41. Kf3 Rb2 42. g4 Rxb3+ 43. Kf2 Rb2+ 44. Ke3 Rb3+ 45. Kd2 Bg6 46. Bg5+
Ke8 47. Rf6 Kd7 48. Rh6 Rb2+ 49. Ke3 Rb3+ 50. Kf4 Bc2 51. Rf7+ Kc8 52. Rxe6 Rd3
53. Rxc6+ Kb8 54. Rb6+ Kc8 55. Rxb4 Rd1 56. Bf6 Rf1+ 57. Ke3 Bg6 58. Rfb7 Re8
59. d5 Rxf6 60. Rb8+ Kd7 61. R4b7# 1-0

[Event "Arab Games 2011"]
[Site "0:01.35-0:11.23"]
[Date "2011.12.11"]
[Round "5"]
[White "Ibraheem Delbak, Ismael Ib"]
[Black "Latreche, Sabrina"]
[Result "1/2-1/2"]
[WhiteElo "1919"]
[BlackElo "1995"]
[PlyCount "121"]
[EventDate "2011.??.??"]

1. e4 e5 2. Nf3 Nc6 3. d4 exd4 4. Nxd4 Bc5 5. Nxc6 Qf6 6. Qd2 dxc6 7. Nc3 Bd4
8. Bd3 Ne7 9. O-O Ng6 10. Kh1 Ne5 11. f3 O-O 12. Qf4 Nxd3 13. Qxf6 Nf2+ 14.
Rxf2 gxf6 15. Rf1 Bxc3 16. bxc3 Be6 17. Bf4 Rfd8 18. a3 Rd7 19. Rfd1 Rad8 20.
Rxd7 Rxd7 21. Kg1 f5 22. Kf2 fxe4 23. fxe4 Bg4 24. Ke3 Bd1 25. Rb1 b6 26. Rb2
Kg7 27. c4 c5 28. c3 Ba4 29. Rd2 Re7 30. Rd8 Bc6 31. e5 f6 32. g3 fxe5 33. Bg5
Rf7 34. Ke2 a5 35. Rc8 Bd7 36. Rd8 Bg4+ 37. Ke3 Rf3+ 38. Ke4 Rxc3 39. Kxe5 Rxc4
40. Re8 Rc2 41. Bf6+ Kf7 42. Re7+ Kf8 43. Rxh7 Re2+ 44. Kf4 Rf2+ 45. Kxg4 Rxf6
46. Rxc7 Rf7 47. Rxf7+ Kxf7 48. Kf5 b5 49. Ke4 a4 50. Kd3 b4 51. axb4 cxb4 52.
h4 a3 53. Kc2 a2 54. Kb2 b3 55. h5 Kg7 56. g4 Kh6 57. Ka1 Kg5 58. Kb2 Kf6 59.
h6 Kg6 60. g5 Kh7 61. Ka1 1/2-1/2

[Event "Arab Games 2011"]
[Site "0:00.40-0:00.02"]
[Date "2011.12.11"]
[Round "5"]
[White "Al-Rufaye Iman, Hasan Moha"]
[Black "Wafa Shrook"]
[Result "1-0"]
[WhiteElo "2155"]
[BlackElo "1873"]
[PlyCount "60"]
[EventDate "2011.??.??"]

1. e4 c5 2. Nf3 Nc6 3. d4 cxd4 4. Nxd4 Nf6 5. Nc3 e5 6. Ndb5 d6 7. Bg5 a6 8.
Na3 b5 9. Nd5 Be7 10. Bxf6 Bxf6 11. c4 Nd4 12. cxb5 Qa5+ 13. Qd2 axb5 14. Qxa5
Rxa5 15. Bxb5+ Kd8 16. Bd3 Be6 17. Nc4 Rb5 18. Nxf6 gxf6 19. O-O Bxc4 20. Bxc4
Rxb2 21. Bxf7 Ke7 22. Bd5 Rhb8 23. h3 Kd7 24. Rfd1 Ne2+ 25. Kh2 Nc3 26. Rd3
Nxd5 27. Rxd5 Rxf2 28. Rad1 Rg8 29. Rxd6+ Kc7 30. Kh1 Rgxg2 1-0

[Event "Arab Games 2011"]
[Site "0:01.05-0:00.26"]
[Date "2011.12.11"]
[Round "5"]
[White "Boshra Alshaeby"]
[Black "Al-Harmoudi, Mona"]
[Result "1-0"]
[WhiteElo "1884"]
[BlackElo "1795"]
[PlyCount "72"]
[EventDate "2011.??.??"]

1. d4 g6 2. c4 Bg7 3. Nc3 Nf6 4. e4 O-O 5. Nf3 d6 6. Be2 Bg4 7. O-O Nbd7 8. Re1
Bxf3 9. Bxf3 e5 10. Be3 exd4 11. Bxd4 Ne5 12. Be2 a6 13. f4 Nc6 14. Bf2 Re8 15.
Bf3 Rb8 16. Qc2 Qd7 17. Rad1 Ng4 18. e5 Nxf2 19. Qxf2 h6 20. c5 Rbd8 21. cxd6
cxd6 22. Ne4 d5 23. Nc5 Qe7 24. Bxd5 Nb4 25. Be4 Rxd1 26. Rxd1 Rd8 27. Re1 Nxa2
28. Nxb7 Rd7 29. Nd6 Nb4 30. Qb6 f5 31. Qxb4 fxe4 32. Qxe4 Kh7 33. h3 Qe6 34.
Qb4 Bf8 35. Rd1 Bxd6 36. Rxd6 Qf6 1-0

[Event "Arab Games 2011"]
[Site "0:01.11-0:02.46"]
[Date "2011.12.11"]
[Round "5"]
[White "Al-Zarouni, Kholoud Essa"]
[Black "Al-Khelaifi, Aisha"]
[Result "0-1"]
[WhiteElo "1861"]
[BlackElo "1674"]
[PlyCount "112"]
[EventDate "2011.??.??"]

1. e4 e5 2. Nf3 Nf6 3. Nxe5 d6 4. Nf3 Nxe4 5. Nc3 Nxc3 6. dxc3 Be7 7. Bf4 Nc6
8. Qd2 Be6 9. O-O-O Qd7 10. Bd3 a6 11. h3 O-O-O 12. Rhe1 Bf6 13. Bg5 Bxg5 14.
Nxg5 Bf5 15. Qf4 Bxd3 16. cxd3 f6 17. Ne6 Rde8 18. Qf5 Re7 19. d4 d5 20. c4
dxc4 21. d5 Ne5 22. Kb1 Kb8 23. Nd4 Qxf5+ 24. Nxf5 Rd7 25. Re2 g6 26. Ng3 f5
27. Rde1 Nd3 28. Re8+ Rxe8 29. Rxe8+ Ka7 30. Ne2 Nxf2 31. Nf4 Ne4 32. a4 Nf6
33. Rh8 Kb6 34. Kc2 Kc5 35. Rb8 b6 36. Rf8 Nxd5 37. Ne6+ Kd6 38. Nd4 Ne3+ 39.
Kc3 Nxg2 40. Kxc4 Nf4 41. b4 Ne6 42. Rf6 Re7 43. b5 axb5+ 44. axb5 Kd7 45. Nc6
Rg7 46. h4 Nd8 47. Kd5 Rf7 48. Ne5+ Ke7 49. Nxf7 Nxf7 50. Re6+ Kd7 51. Rf6 Nd6
52. h5 gxh5 53. Rh6 Ne8 54. Rxh7+ Kd8 55. Ke6 f4 56. Rxh5 Ng7+ 0-1

[Event "Arab Games 2011"]
[Site "0:03.05-0:11.47"]
[Date "2011.12.11"]
[Round "5"]
[White "Bedrosian, Danielle"]
[Black "Emhemed Inas"]
[Result "1-0"]
[WhiteElo "1796"]
[BlackElo "1486"]
[PlyCount "88"]
[EventDate "2011.??.??"]

1. c4 e5 2. g3 Nf6 3. Bg2 Bc5 4. Nc3 d6 5. d3 h6 6. Nf3 Nc6 7. O-O a6 8. a3 Be6
9. b4 Ba7 10. Bb2 O-O 11. e4 Bg4 12. Qd2 Qd7 13. Nd5 Nxd5 14. cxd5 Ne7 15. d4
exd4 16. Bxd4 Bxd4 17. Nxd4 Bh3 18. Rfc1 Bxg2 19. Kxg2 Rfe8 20. f3 Ng6 21. Rc3
Ne5 22. Rac1 Rac8 23. Qc2 c6 24. dxc6 bxc6 25. Nxc6 Nxc6 26. Rxc6 Rxc6 27. Qxc6
Qe7 28. Qxa6 Qg5 29. Qf1 Qd2+ 30. Kh3 d5 31. Rd1 Qb2 32. Rxd5 Qxa3 33. Qb5 Rb8
34. Qxb8+ Kh7 35. Qd6 Qxf3 36. Qf4 Qb3 37. b5 Qc4 38. b6 Qc6 39. Qxf7 Qxb6 40.
Rd7 Qg6 41. Qxg6+ Kxg6 42. Kg4 Kf6 43. e5+ Kxe5 44. Rxg7 Kd5 1-0

[Event "Arab Games 2011"]
[Site "0:14.15-0:00.01"]
[Date "2011.12.11"]
[Round "5"]
[White "Elamri Laila A"]
[Black "Jalloul Maya M"]
[Result "1-0"]
[WhiteElo "1910"]
[BlackElo "1920"]
[PlyCount "55"]
[EventDate "2011.??.??"]

1. e4 c5 2. Nc3 Nc6 3. g3 g6 4. Bg2 Bg7 5. d3 e6 6. Be3 d6 7. Qd2 a6 8. Nge2
Rb8 9. Rb1 Nge7 10. Bh6 O-O 11. h4 f5 12. h5 Qe8 13. Bxg7 Kxg7 14. hxg6 Qxg6
15. Nf4 Qf7 16. Nh5+ Kg8 17. Qh6 Qg6 18. Nf4 Qxh6 19. Rxh6 Nd4 20. Kd2 e5 21.
Nfd5 Ng6 22. exf5 Nxf5 23. Rh2 Nd4 24. Be4 Bf5 25. Bg2 Rf7 26. Ne2 Bg4 27. Nxd4
cxd4 28. Rbh1 1-0

[Event "Arab Games 2011"]
[Site "0:25.10-0:25.10"]
[Date "2011.12.12"]
[Round "6"]
[White "Fuad Natalie"]
[Black "Bedrosian, Danielle"]
[Result "1-0"]
[WhiteElo "1952"]
[BlackElo "1796"]
[PlyCount "117"]
[EventDate "2011.??.??"]

1. e4 c5 2. Nf3 Nc6 3. d4 cxd4 4. Nxd4 g6 5. Nc3 Bg7 6. Be3 Nf6 7. Be2 O-O 8.
O-O d6 9. Kh1 Bd7 10. f3 Qc8 11. Qd2 Re8 12. Rad1 Ne5 13. b3 a6 14. f4 Neg4 15.
Bg1 b5 16. Bf3 e5 17. Nde2 exf4 18. e5 dxe5 19. Bxa8 Qxa8 20. h3 Nh6 21. Nxf4
exf4 22. Rxf4 Bc6 23. Rxf6 Bxf6 24. Nd5 Bxd5 25. Qxd5 Qxd5 26. Rxd5 Kf8 27. Rd6
Re6 28. Rd7 Ke8 29. Rc7 Nf5 30. Bf2 Bd4 31. Bxd4 Nxd4 32. c4 bxc4 33. bxc4 Rc6
34. Ra7 Nc2 35. a4 Ne3 36. c5 Nd1 37. g4 Nc3 38. a5 Na4 39. Ra8+ Ke7 40. Ra7+
Ke6 41. Ra8 Nxc5 42. Rh8 Nb3 43. Rxh7 Nxa5 44. h4 Nc4 45. h5 gxh5 46. gxh5 Kf6
47. Rh6+ Kg7 48. Rxc6 Ne5 49. Rxa6 Ng4 50. Kg2 Nf6 51. h6+ Kg6 52. h7 Kxh7 53.
Rxf6 Kg7 54. Rf1 Kg6 55. Kg3 f6 56. Kf4 Kf7 57. Kf5 Ke7 58. Rd1 Kf7 59. Rd7+
1-0

[Event "Arab Games 2011"]
[Site "0:02.12-0:02.49"]
[Date "2011.12.12"]
[Round "6"]
[White "Boshra, Alshaeby"]
[Black "Al-Khelaifi, Aisha"]
[Result "1-0"]
[WhiteElo "1884"]
[BlackElo "1674"]
[PlyCount "135"]
[EventDate "2011.??.??"]

1. d4 d5 2. c4 c6 3. Nc3 Nf6 4. Nf3 a6 5. e3 e6 6. Bd3 c5 7. a3 Nc6 8. dxc5
Bxc5 9. b4 Be7 10. O-O dxc4 11. Bxc4 O-O 12. Qe2 b5 13. Bb3 Bb7 14. Rd1 Qc7 15.
Bb2 Rad8 16. Rac1 Qb8 17. e4 Rfe8 18. h3 h6 19. Qe3 Ba8 20. Bc2 Bd6 21. Rxd6
Qxd6 22. e5 Nxe5 23. Qxe5 Bxf3 24. Qxd6 Rxd6 25. gxf3 Nh5 26. Ne4 Rdd8 27. Nc5
Nf4 28. Kh2 Rd2 29. Bc3 Rdd8 30. Re1 Nd5 31. Be5 f6 32. Bb2 Nc7 33. Bg6 Re7 34.
Re2 e5 35. f4 Nd5 36. Rd2 exf4 37. Be4 Rxe4 38. Nxe4 Re8 39. Nd6 Re6 40. Rxd5
Re2 41. Kg2 Rxb2 42. Rd3 Kf8 43. Ne4 Ke7 44. Nc5 Rb1 45. Nxa6 Re1 46. Nc7 Re5
47. Nd5+ Ke6 48. Nxf4+ Kf5 49. Nh5 Kg6 50. Ng3 Rg5 51. h4 Rg4 52. Kh3 h5 53.
Rd5 Rf4 54. Rxh5 Rxf2 55. Rxb5 Ra2 56. Ra5 Rb2 57. Kg4 Rg2 58. Kf3 Rh2 59. h5+
Kf7 60. Ra7+ Kg8 61. b5 Rb2 62. a4 Rb3+ 63. Kf2 f5 64. Nxf5 Rb4 65. Ke3 Rg4 66.
Rxg7+ Rxg7 67. Nxg7 Kxg7 68. b6 1-0